MARC

LEADER 00000nam0a2200000 4500
001 48128
005 20231031031321.0
010 |a 5922102745 
035 |a (RuTPU)RU\TPU\book\50353 
090 |a 48128 
100 |a 20030305d2002 k y0rusy50 ca 
101 0 |a rus 
102 |a RU 
105 |a a z 001zd 
200 1 |a Принятие решений в многокритериальной среде  |e Количественный подход  |f В. Д. Ногин 
210 |a Москва  |c Физматлит  |d 2002 
215 |a 176 с.  |c ил. 
320 |a Библиогр.: с. 174-175. 
320 |a Предм. указ.: с. 172-173. 
600 1 |a Эджворт  |b Ф.  |c английский экономист  |f 1845-1926  |g Френсис  |2 stltpush  |3 (RuTPU)RU\TPU\pers\8023 
600 1 |a Парето  |g Вильфредо  |c итальянский экономист  |f 1848 - 1923  |b В.  |c социолог  |2 stltpui  |3 (RuTPU)RU\TPU\pers\584 
600 1 |a Эджуорт  |b Ф. И.  |f 1845-1926  |g Френсис Исидро  |c английский экономист и статистик  |2 stltpush  |3 (RuTPU)RU\TPU\pers\4747 
610 1 |a математика 
610 1 |a принятие решений 
610 1 |a критерии 
610 1 |a многокритериальный выбор 
610 1 |a количественная информация 
610 1 |a множество Парето 
610 1 |a принцип Эджворта-Парето 
675 |a 519.81  |v 3 
700 1 |a Ногин  |b В. Д.  |g Владимир Дмитриевич 
801 1 |a RU  |b 63413507  |c 20030305  |g PSBO 
801 2 |a RU  |b 63413507  |c 20061212  |g PSBO 
942 |c BK